湖南省小测验-Hunan Province Quiz - Statistics

General Stats
  • This quiz has been taken 35 times
  • The average score is 20 of 23
Answer Stats
提示 答案 % Correct
主要的汉方言大类 湘语
100%
最大的湖泊 洞庭湖
100%
这座山是中国五大名山之一 衡山
100%
青年毛泽东像是湖南的重要地标, 这座雕塑位于湘江的这座沙洲 {橘子}洲
100%
省会城市 长沙市
96%
相邻的省级行政区 江西省
96%
相邻的省级行政区 湖北省
96%
相邻的省级行政区 重庆市
96%
相邻的省级行政区 贵州省
96%
相邻的省级行政区 广西壮族自治区
96%
相邻的省级行政区 广东省
96%
这两个地级市拥有世界自然遗产 张家界市
93%
它是世界上最古老的学府之一 岳麓书院
93%
主要的汉方言大类 官话
89%
湖南下辖一个民族自治州,它的全称是 湘西土家族苗族自治州
89%
主要的汉方言大类 赣语
86%
拥有的“985”大学 湖南大学
86%
拥有的“985”大学 中南大学
82%
拥有的“985”大学 中国人民解放军国防科学技术大学
79%
这位晚清军事政治人物出生于湖南双峰 曾国藩
71%
这位近现代书画家出生于湖南湘潭 齐白石
57%
这两个地级市拥有世界自然遗产 邵阳市
54%
这种音节文字为湖南江永特有 女书
43%
No matching quizzes found
Score Distribution
Percent of People with Each Score
Percentile by Number Answered
Your Score History
You have not taken this quiz